[Event "Titled Tuesday intern op 12th Mar Late"]
[Site "Chess.com INT"]
[Date "2024.03.12"]
[Round "8"]
[White "Pichot, Alan"]
[Black "Pashikyan, Rudolf"]
[Result "1/2-1/2"]
[WhiteElo "2644"]
[BlackElo "2286"]
[PlyCount "129"]
[EventDate "2024.03.12"]
[EventType "swiss (blitz)"]
[EventRounds "11"]
[EventCountry "USA"]
[SourceTitle "CB12_2024"]
[SourceDate "2023.10.01"]
[SourceVersion "1"]
[SourceVersionDate "2023.10.01"]
[SourceQuality "1"]

1. e4 e5 2. Nf3 Nc6 3. Bc4 Bc5 4. d3 Nf6 5. 0-0 d6 6. a4 a6 7. Be3 0-0 8. h3 h6 9. Nbd2 Be6 10. Bxe6 fxe6 11. c3 Ba7 12. Bxa7 Rxa7 13. d4 exd4 14. cxd4 e5 15. d5 Ne7 16. Rc1 Ng6 17. Qb3 Rf7 18. Rfe1 Nh5 19. g3 Qd7 20. Kh2 b5 21. axb5 axb5 22. Ra1 Rxa1 23. Rxa1 Kh7 24. Rc1 Qe8 25. Qe3 Qa8 26. Qe2 Qa7 27. Nf1 Kg8 28. Rc2 Qb8 29. Ne3 Ne7 30. Nxe5 Nxg3 31. Qg4 dxe5 32. Qxg3 Rf4 33. Ng4 Qd8 34. Nxh6+ Kf8 35. Ng4 Rxe4 36. f3 Rc4 37. Rd2 Rd4 38. Rg2 Qxd5 39. Ne3 Qf7 40. Qxe5 Qf4+ 41. Qxf4+ Rxf4 42. Kg3 Rd4 43. Rc2 c6 44. Re2 Kf7 45. h4 Rb4 46. Ng4 Nf5+ 47. Kh3 Nd4 48. Re4 c5 49. Ne5+ Kg8 50. Nd3 Rc4 51. Nxc5 Nxf3 52. Rxc4 bxc4 53. Kg3 Nd4 54. Kf4 g6 55. Ke5 Nf3+ 56. Kf6 Nxh4 57. Ne6 Nf3 58. Kxg6 Ne1 59. Kf5 Nd3 60. Ke4 Nxb2 61. Kd4 Kf7 62. Nc7 Kf6 63. Nd5+ Kf5 64. Ne3+ Kf4 65. Nxc4 1/2-1/2

[Event "Titled Tuesday intern op 12th Mar Late"]
[Site "Chess.com INT"]
[Date "2024.03.12"]
[Round "3"]
[White "Sjugirov, Sanan"]
[Black "Pashikyan, Rudolf"]
[Result "0-1"]
[WhiteElo "2690"]
[BlackElo "2286"]
[PlyCount "100"]
[EventDate "2024.03.12"]
[EventType "swiss (blitz)"]
[EventRounds "11"]
[EventCountry "USA"]
[SourceTitle "CB12_2024"]
[SourceDate "2023.10.01"]
[SourceVersion "1"]
[SourceVersionDate "2023.10.01"]
[SourceQuality "1"]

1. e4 e5 2. Nf3 Nc6 3. Bb5 a6 4. Ba4 Nf6 5. 0-0 Be7 6. d3 b5 7. Bb3 0-0 8. a4 b4 9. Re1 d6 10. Nbd2 Bg4 11. h3 Bh5 12. c3 Rb8 13. Bc2 d5 14. a5 Bc5 15. Qe2 bxc3 16. bxc3 d4 17. g4 Bg6 18. Nb3 Ba7 19. cxd4 exd4 20. Bg5 Re8 21. Nbd2 Nb4 22. Ba4 Re6 23. Bb3 Re8 24. Rac1 c5 25. Bc4 Qxa5 26. Bxf6 gxf6 27. h4 h6 28. h5 Bh7 29. Nh4 Qc7 30. Nf1 Rbd8 31. Ng3 Bb8 32. Ra1 a5 33. Kg2 Nc6 34. Rh1 Ne5 35. Bb5 Rf8 36. Ngf5 Bxf5 37. Nxf5 Kh7 38. f4 Nd7 39. Bxd7 Rxd7 40. Raf1 Rg8 41. Kh3 c4 42. Rf3 c3 43. Rc1 a4 44. Qc2 Qc6 45. Rg1 Ra7 46. Qa2 a3 47. Rfg3 Qe6 48. e5 Qxa2 49. exf6 Qe6 50. g5 Qxf5+ 0-1

[Event "Titled Tuesday intern op 27th Feb Late"]
[Site "Chess.com INT"]
[Date "2024.02.27"]
[Round "3"]
[White "Pashikyan, Rudolf"]
[Black "Martinez Alcantara, Jose Eduardo"]
[Result "1-0"]
[WhiteElo "2286"]
[BlackElo "2610"]
[PlyCount "45"]
[EventDate "2024.02.27"]
[EventType "swiss (blitz)"]
[EventRounds "11"]
[EventCountry "USA"]
[SourceTitle "CB10_2024"]
[SourceDate "2024.03.06"]
[SourceVersion "1"]
[SourceVersionDate "2024.03.06"]
[SourceQuality "1"]

1. e4 c5 2. Nf3 d6 3. Bb5+ Nd7 4. Ba4 Ngf6 5. 0-0 e6 6. Re1 a6 7. c3 b5 8. Bc2 c4 9. a4 Bb7 10. d4 cxd3 11. Bxd3 bxa4 12. Qxa4 Be7 13. h3 0-0 14. Be3 Qc7 15. Nbd2 d5 16. e5 Nxe5 17. Nxe5 Qxe5 18. Bf4 Qh5 19. Re5 Rfc8 20. Rxh5 Nxh5 21. Be3 Nf6 22. Nf3 Nd7 23. Qxd7 1-0

[Event "Titled Tuesday intern op 27th Feb Late"]
[Site "Chess.com INT"]
[Date "2024.02.27"]
[Round "1"]
[White "Pashikyan, Rudolf"]
[Black "Meduri, Aakaash"]
[Result "1-0"]
[WhiteElo "2286"]
[BlackElo "1989"]
[PlyCount "151"]
[EventDate "2024.02.27"]
[EventType "swiss (blitz)"]
[EventRounds "11"]
[EventCountry "USA"]
[SourceTitle "CB10_2024"]
[SourceDate "2024.03.06"]
[SourceVersion "1"]
[SourceVersionDate "2024.03.06"]
[SourceQuality "1"]

1. e4 d6 2. d4 Nf6 3. Nc3 e5 4. Nf3 Nbd7 5. Bc4 Be7 6. 0-0 0-0 7. h3 c6 8. a4 h6 9. Be3 Re8 10. dxe5 Nxe5 11. Nxe5 dxe5 12. Qe2 Qc7 13. a5 Bb4 14. a6 b5 15. Bd3 Be6 16. Rfd1 Bxc3 17. bxc3 c5 18. Bxb5 Reb8 19. f3 Rb6 20. c4 Ne8 21. Qf2 Rc8 22. Bxe8 Rxe8 23. Bxc5 Rc6 24. Bxa7 Rxc4 25. Be3 Rxc2 26. Qg3 Kh7 27. a7 Ra8 28. f4 exf4 29. Bxf4 Qb6+ 30. Be3 Qc6 31. Bd4 f6 32. Qd3 Qc4 33. Qxc4 Rxc4 34. Ra6 Bf7 35. Rd6 Bg6 36. Rd7 Kh8 37. e5 Bf5 38. Re7 Be4 39. exf6 Bc2 40. fxg7+ Kg8 41. Rf1 Rxd4 42. Rf8+ Rxf8 43. gxf8Q+ Kxf8 44. a8Q+ Kxe7 45. Qa7+ Rd7 46. Qc5+ Kf6 47. Qxc2 Re7 48. Qc1 Kg6 49. Qf4 Rf7 50. Qg4+ Kh7 51. h4 Rg7 52. Qf5+ Kh8 53. g4 Kg8 54. Kh2 Kh8 55. Kh3 Kg8 56. Qe6+ Kh7 57. Kg3 Rg6 58. Qf5 Kg7 59. Qd7+ Kh8 60. Kf4 Rg7 61. Qe8+ Kh7 62. Kf5 Rg8 63. Qe7+ Rg7 64. Qe6 Rg8 65. Qxg8+ Kxg8 66. Kg6 h5 67. Kxh5 Kh7 68. Kg5 Kg7 69. h5 Kh7 70. h6 Kh8 71. Kh5 Kh7 72. g5 Kh8 73. Kg6 Kg8 74. h7+ Kh8 75. Kf7 Kxh7 76. g6+ 1-0

[Event "Yerevan Margaryan Memorial IM"]
[Site "Yerevan"]
[Date "2024.01.16"]
[Round "9"]
[White "Pashikyan, Rudolf"]
[Black "Lomsadze, David"]
[Result "1/2-1/2"]
[WhiteElo "2287"]
[BlackElo "2253"]
[PlyCount "31"]
[EventDate "2024.01.08"]
[EventType "tourn"]
[EventRounds "9"]
[EventCountry "ARM"]
[EventCategory "2"]
[SourceTitle "CB04_2024"]
[SourceDate "2023.10.16"]
[SourceVersion "1"]
[SourceVersionDate "2023.10.16"]
[SourceQuality "1"]

1. e4 e5 2. Nf3 Nc6 3. d4 exd4 4. Nxd4 Nf6 5. Nc3 Bb4 6. Nxc6 bxc6 7. Bd3 d5 8. Bd2 Bxc3 9. Bxc3 dxe4 10. Bxf6 Qxf6 11. Bxe4 Ba6 12. Bd3 Bxd3 13. Qxd3 0-0 14. 0-0 Qxb2 15. Qc4 Qb5 16. Qc3 1/2-1/2

[Event "Yerevan Margaryan Memorial IM"]
[Site "Yerevan"]
[Date "2024.01.13"]
[Round "6"]
[White "Pashikyan, Rudolf"]
[Black "Ambartsumian, Tyhran"]
[Result "1-0"]
[WhiteElo "2287"]
[BlackElo "2224"]
[PlyCount "81"]
[EventDate "2024.01.08"]
[EventType "tourn"]
[EventRounds "9"]
[EventCountry "ARM"]
[EventCategory "2"]
[SourceTitle "CB04_2024"]
[SourceDate "2023.10.16"]
[SourceVersion "1"]
[SourceVersionDate "2023.10.16"]
[SourceQuality "1"]

1. d4 Nf6 2. Nf3 g6 3. Nbd2 Bg7 4. e4 d6 5. Bb5+ c6 6. Bd3 0-0 7. c3 Qc7 8. a4 a5 9. 0-0 Nbd7 10. Re1 e5 11. h3 Nb6 12. dxe5 dxe5 13. Nc4 Rd8 14. Nxb6 Qxb6 15. Nxe5 Be6 16. Qe2 Nh5 17. Ng4 Qc7 18. Bc4 Re8 19. Nh2 Bd5 20. Qd3 Re6 21. Bxd5 cxd5 22. Qxd5 Rd8 23. Qb3 Rde8 24. Nf3 Nf6 25. Be3 Nxe4 26. Rad1 h5 27. Qd5 Bf6 28. Qd7 Qc4 29. Qxb7 Qxa4 30. Ra1 Qc2 31. Rxa5 Nd6 32. Qb4 Nf5 33. Rc1 Qd3 34. Qb5 Qe4 35. Ra4 Qc6 36. Qxc6 Rxc6 37. Bf4 Rb6 38. Rc2 Rd8 39. g4 Rd1+ 40. Kg2 hxg4 41. hxg4 1-0

[Event "Yerevan Margaryan Memorial IM"]
[Site "Yerevan"]
[Date "2023.01.12"]
[Round "6"]
[White "Matinian, Nikita"]
[Black "Pashikyan, Rudolf"]
[Result "1-0"]
[WhiteElo "2425"]
[BlackElo "2202"]
[PlyCount "82"]
[EventDate "2023.01.08"]
[EventType "tourn"]
[EventRounds "9"]
[EventCountry "ARM"]
[EventCategory "2"]
[SourceTitle "CBM 212 Extra"]
[Source "ChessBase"]
[SourceDate "2023.03.31"]
[SourceVersion "1"]
[SourceVersionDate "2023.03.31"]
[SourceQuality "1"]

1. e4 e5 2. Nf3 Nc6 3. Bb5 a6 4. Ba4 Nf6 5. 0-0 Be7 6. d3 b5 7. Bb3 d6 8. a3 0-0 9. Nc3 Nb8 10. a4 b4 11. Ne2 c5 12. Ng3 Nc6 13. c3 bxc3 14. bxc3 Rb8 15. Be3 Be6 16. Rb1 d5 17. Ng5 Bg4 18. f3 Bc8 19. Bf2 Na5 20. Nxf7 Rxf7 21. Bxd5 Nxd5 22. Rxb8 Nf4 23. d4 cxd4 24. cxd4 Nc6 25. Ra8 Nxd4 26. Bxd4 exd4 27. Qb3 Bc5 28. Qc4 Ne6 29. Qxe6 Bxe6 30. Rxd8+ Rf8 31. Rxf8+ Kxf8 32. Rb1 Bc4 33. Kf2 d3+ 34. Ke1 a5 35. Nf1 Bb4+ 36. Nd2 Be6 37. Rxb4 axb4 38. a5 Bc8 39. Nb3 Ke7 40. Kd2 Be6 41. a6 Bc8 1-0

[Event "Yerevan Margaryan Memorial IM"]
[Site "Yerevan"]
[Date "2023.01.11"]
[Round "5"]
[White "Pashikyan, Rudolf"]
[Black "Piliposyan, Robert"]
[Result "1/2-1/2"]
[WhiteElo "2202"]
[BlackElo "2295"]
[PlyCount "117"]
[EventDate "2023.01.08"]
[EventType "tourn"]
[EventRounds "9"]
[EventCountry "ARM"]
[EventCategory "2"]
[SourceTitle "CBM 212 Extra"]
[Source "ChessBase"]
[SourceDate "2023.03.31"]
[SourceVersion "1"]
[SourceVersionDate "2023.03.31"]
[SourceQuality "1"]

1. e4 c5 2. Nf3 d6 3. Bb5+ Nd7 4. Ba4 Ngf6 5. 0-0 e6 6. Re1 a6 7. c4 Be7 8. Nc3 0-0 9. d4 cxd4 10. Nxd4 Qc7 11. Bb3 b6 12. f3 Ne5 13. Qe2 Bb7 14. Be3 Rac8 15. Rac1 Qb8 16. a4 Kh8 17. Ba2 Rg8 18. b3 g5 19. Bb1 Rg6 20. Qb2 Rcg8 21. Nd5 Bd8 22. Nxf6 Bxf6 23. Qd2 Rh6 24. h3 Rh4 25. Ne2 Rxh3 26. Rf1 Rh4 27. Ng3 Nd7 28. Bd4 d5 29. Bxf6+ Nxf6 30. Qb2 Kg7 31. Kf2 dxc4 32. Rxc4 Rd8 33. e5 Nd7 34. Qc1 Qxe5 35. Nf5+ Kf6 36. Nxh4 gxh4 37. Qf4+ Qxf4 38. Rxf4+ Ke7 39. Rxh4 Nf6 40. Rc1 Bd5 41. Rc7+ Kf8 42. Rd4 a5 43. Bc2 Rb8 44. b4 e5 45. Rh4 axb4 46. Rxb4 Be6 47. Rc6 Nd5 48. Rb2 Ra8 49. Bxh7 Rxa4 50. Be4 Nf6 51. Bc2 Rd4 52. Rcxb6 Rd2+ 53. Kg1 Nd5 54. Rb8+ Kg7 55. Ba4 Rd4 56. Bb3 e4 57. fxe4 Rxe4 58. Rd2 Re1+ 59. Kf2 1/2-1/2

[Event "Yerevan Margaryan Memorial IM"]
[Site "Yerevan"]
[Date "2023.01.09"]
[Round "2"]
[White "Pashikyan, Rudolf"]
[Black "Shalamberidze, Akaki"]
[Result "1/2-1/2"]
[WhiteElo "2202"]
[BlackElo "2274"]
[PlyCount "117"]
[EventDate "2023.01.08"]
[EventType "tourn"]
[EventRounds "9"]
[EventCountry "ARM"]
[EventCategory "2"]
[SourceTitle "CBM 212 Extra"]
[Source "ChessBase"]
[SourceDate "2023.03.31"]
[SourceVersion "1"]
[SourceVersionDate "2023.03.31"]
[SourceQuality "1"]

1. e4 e5 2. Nf3 Nc6 3. Nc3 Nf6 4. h3 d5 5. exd5 Nxd5 6. Bb5 Nxc3 7. bxc3 Bd6 8. d4 exd4 9. cxd4 0-0 10. 0-0 Bf5 11. c3 h6 12. Bd3 Qf6 13. Rb1 b6 14. Rb5 Bxd3 15. Qxd3 Rfe8 16. Bd2 Rad8 17. a4 Ne7 18. Re1 Ng6 19. Rbb1 Bf4 20. a5 Bxd2 21. Qxd2 Nf4 22. axb6 axb6 23. Kh2 Qf5 24. g4 Qf6 25. Rb5 Rxe1 26. Nxe1 Qd6 27. Rf5 Ne6+ 28. Kg1 c5 29. Nf3 cxd4 30. cxd4 Nxd4 31. Nxd4 Qxd4 32. Qa2 Rd7 33. Rb5 Re7 34. Rb1 h5 35. Qa8+ Kh7 36. Qf3 hxg4 37. hxg4 g6 38. Rd1 Qe4 39. Qg3 Kg7 40. Qc3+ Qe5 41. Qxe5+ Rxe5 42. Rd6 Re6 43. Rd7 g5 44. Rb7 Kf8 45. Rb8+ Ke7 46. Rb7+ Ke8 47. Rb8+ Kd7 48. Rb7+ Kc6 49. Rxf7 b5 50. f4 b4 51. fxg5 Re4 52. Kf1 Rxg4 53. Ke2 Rxg5 54. Kd1 Rc5 55. Rf2 b3 56. Rb2 Rc3 57. Kd2 Rh3 58. Kc1 Kc5 59. Rg2 1/2-1/2

[Event "Moscow Botvinnik Memorial Cup"]
[Site "Moscow"]
[Date "2022.08.20"]
[Round "4.4"]
[White "Dreev, Alexey"]
[Black "Pashikyan, Rudolf"]
[Result "1-0"]
[WhiteElo "2606"]
[BlackElo "1993"]
[PlyCount "75"]
[EventDate "2022.08.18"]
[EventType "team-tourn"]
[EventRounds "9"]
[EventCountry "RUS"]
[SourceTitle "CBM 209 Extra"]
[Source "ChessBase"]
[SourceDate "2022.09.30"]
[SourceVersion "1"]
[SourceVersionDate "2022.09.30"]
[SourceQuality "1"]
[WhiteTeam "Russia"]
[BlackTeam "Armenia"]
[WhiteTeamCountry "RUS"]
[BlackTeamCountry "ARM"]

1. d4 Nf6 2. Nf3 d5 3. c4 e6 4. Bg5 dxc4 5. Nc3 a6 6. a4 c5 7. e3 cxd4 8. exd4 Be7 9. Bxc4 0-0 10. 0-0 b6 11. Ne5 Bb7 12. Qe2 Nc6 13. Rad1 Nb4 14. Rfe1 Nfd5 15. Be3 Nxc3 16. bxc3 Nd5 17. Bd2 Bg5 18. Bd3 Bxd2 19. Qxd2 Rc8 20. c4 Nf6 21. Rb1 Ba8 22. Qb2 Rb8 23. Re3 Qd6 24. Be2 Rfd8 25. Rb3 Be4 26. Rd1 h6 27. h3 Qc7 28. Rc1 Qd6 29. Rd1 Qc7 30. Rd2 Ne8 31. Bh5 Nd6 32. c5 bxc5 33. dxc5 Rxb3 34. Qxb3 Qxc5 35. Nxf7 Qxh5 36. Nxd8 Qg5 37. Qxe6+ Kh7 38. f4 1-0

[Event "Moscow Botvinnik Memorial Cup"]
[Site "Moscow"]
[Date "2022.08.19"]
[Round "2.4"]
[White "Pashikyan, Rudolf"]
[Black "Abbasov, Farid"]
[Result "1/2-1/2"]
[WhiteElo "1993"]
[BlackElo "2487"]
[PlyCount "102"]
[EventDate "2022.08.18"]
[EventType "team-tourn"]
[EventRounds "9"]
[EventCountry "RUS"]
[SourceTitle "CBM 209 Extra"]
[Source "ChessBase"]
[SourceDate "2022.09.30"]
[SourceVersion "1"]
[SourceVersionDate "2022.09.30"]
[SourceQuality "1"]
[WhiteTeam "Armenia"]
[BlackTeam "Azerbaijan"]
[WhiteTeamCountry "ARM"]
[BlackTeamCountry "AZE"]

1. e4 g6 2. d4 Bg7 3. Nf3 d6 4. Nc3 Nd7 5. Be3 c6 6. a4 Qa5 7. Qd2 Ngf6 8. h3 0-0 9. Be2 e5 10. 0-0 Re8 11. dxe5 dxe5 12. Rfd1 Bf8 13. Nd5 Qxd2 14. Nxf6+ Nxf6 15. Nxd2 Be6 16. f3 Nd7 17. Nc4 f5 18. exf5 gxf5 19. Nd6 Bxd6 20. Rxd6 Nf6 21. c4 Kf7 22. Rad1 Rg8 23. Kf2 f4 24. Bc1 Rg5 25. Rd8 Rg8 26. Rxa8 Rxa8 27. b4 a5 28. b5 cxb5 29. cxb5 Rc8 30. Bd3 Bb3 31. Re1 Bc2 32. Bf1 Bxa4 33. Bb2 Rc2+ 34. Re2 Ke6 35. Rxc2 Bxc2 36. Bc4+ Kf5 37. Ke2 a4 38. Kd2 Bb3 39. Bd3+ Ke6 40. Ba3 Bd5 41. Kc3 h5 42. Bc2 e4 43. Bd1 e3 44. Bxa4 e2 45. Kd2 Bc4 46. Bc5 Nd5 47. b6 Ne3 48. Bxe3 fxe3+ 49. Ke1 h4 50. Bc6 Ba6 51. Bxb7 Bxb7 1/2-1/2

[Event "EU-ch Hybrid U14"]
[Site "Tornelo INT"]
[Date "2021.10.15"]
[Round "1"]
[White "Habans Aguerrea, Javier"]
[Black "Pashikyan, Rudolf"]
[Result "1/2-1/2"]
[WhiteElo "2308"]
[BlackElo "1831"]
[PlyCount "98"]
[EventDate "2021.10.15"]
[EventType "swiss"]
[EventRounds "9"]
[EventCountry "NET"]
[SourceTitle "EXT 2023"]
[Source "ChessBase"]
[SourceDate "2022.10.05"]
[SourceVersion "1"]
[SourceVersionDate "2022.10.05"]
[SourceQuality "1"]
[WhiteTeam "Spain"]
[BlackTeam "Armenia"]
[WhiteTeamCountry "ESP"]
[BlackTeamCountry "ARM"]

1. d4 d5 2. c4 e6 3. Nf3 Nf6 4. g3 dxc4 5. Bg2 Nc6 6. Qa4 Bb4+ 7. Bd2 Nd5 8. Bxb4 Ndxb4 9. 0-0 Rb8 10. Nc3 a6 11. Ne5 0-0 12. Nxc6 Nxc6 13. Bxc6 bxc6 14. Qxc4 Rxb2 15. e3 Qd6 16. Ne4 Qd5 17. Qxd5 cxd5 18. Nc5 f6 19. Rfb1 Rb6 20. a4 e5 21. a5 Rc6 22. Rb8 Bg4 23. Rab1 exd4 24. exd4 Be2 25. Rxf8+ Kxf8 26. Rb8+ Ke7 27. Rg8 Kf7 28. Rd8 Rd6 29. Rc8 Rc6 30. f4 h5 31. Kf2 Bc4 32. Ke3 Bb5 33. Kd2 Bc4 34. Kc3 Bb5 35. Kb4 Kg6 36. Rd8 Bc4 37. Rd7 f5 38. h4 Kf6 39. Rd8 Ke7 40. Rc8 Bb5 41. Rb8 Bc4 42. Rh8 Rh6 43. Rc8 Rc6 44. Ka4 Bb5+ 45. Kb4 Bc4 46. Ra8 Rg6 47. Ra7 Kd8 48. Ra8+ Ke7 49. Rc8 Rc6 1/2-1/2

[Event "EU-ch Hybrid U14"]
[Site "Tornelo INT"]
[Date "2021.10.15"]
[Round "5"]
[White "Krawczyk, Flawian"]
[Black "Pashikyan, Rudolf"]
[Result "1-0"]
[WhiteElo "2070"]
[BlackElo "1831"]
[PlyCount "123"]
[EventDate "2021.10.15"]
[EventType "swiss"]
[EventRounds "9"]
[EventCountry "NET"]
[SourceTitle "EXT 2023"]
[Source "ChessBase"]
[SourceDate "2022.10.05"]
[SourceVersion "1"]
[SourceVersionDate "2022.10.05"]
[SourceQuality "1"]
[WhiteTeam "Poland"]
[BlackTeam "Armenia"]
[WhiteTeamCountry "POL"]
[BlackTeamCountry "ARM"]

1. e4 e5 2. Nf3 Nc6 3. Bb5 a6 4. Ba4 Nf6 5. d3 d6 6. c3 g6 7. h3 Bg7 8. 0-0 0-0 9. Re1 b5 10. Bc2 d5 11. a4 Rb8 12. Nbd2 d4 13. Nb3 Re8 14. axb5 axb5 15. cxd4 Nxd4 16. Nbxd4 exd4 17. Bf4 Nh5 18. Bh2 Be6 19. Qd2 Rc8 20. Qb4 Bd7 21. Qc5 Qe7 22. Qxe7 Rxe7 23. Ra7 Be6 24. g4 Nf6 25. Nxd4 Bd7 26. Nf3 h5 27. e5 Rce8 28. Rxc7 Nd5 29. Rb7 Nb4 30. Bb1 hxg4 31. hxg4 Bxg4 32. Rxe7 Rxe7 33. Nd2 Nc6 34. f4 f6 35. Ba2+ Kf8 36. Bd5 Nb4 37. Be4 fxe5 38. Ra1 Bh6 39. Bxg6 Rg7 40. Ra8+ Ke7 41. Be4 Nxd3 42. Ra7+ Bd7+ 43. Kf1 Nxf4 44. Bc6 Ke6 45. Ra6 Bc8 46. Bb7+ Kd7 47. Bxc8+ Kxc8 48. Rxh6 Nd3 49. b3 Rf7+ 50. Ke2 Nc1+ 51. Kd1 Nd3 52. Ke2 Nc1+ 53. Ke3 Kb7 54. Ne4 Re7 55. Nc5+ Kc8 56. Kd2 Na2 57. Rc6+ Kb8 58. Bxe5+ Ka8 59. Ra6+ Ra7 60. Rxa7+ Kxa7 61. Nd3 Kb6 62. Kc2 1-0

[Event "EU-ch Online U12"]
[Site "Tornelo INT"]
[Date "2020.09.18"]
[Round "2"]
[White "Nikolovski, Kiril"]
[Black "Pashikyan, Rudolf"]
[Result "0-1"]
[WhiteElo "1375"]
[BlackElo "1790"]
[PlyCount "44"]
[EventDate "2020.09.18"]
[EventType "swiss (rapid)"]
[EventRounds "9"]
[EventCountry "NET"]
[SourceTitle "EXT 2023"]
[Source "ChessBase"]
[SourceDate "2022.10.05"]
[SourceVersion "1"]
[SourceVersionDate "2022.10.05"]
[SourceQuality "1"]
[WhiteTeam "Macedonia"]
[BlackTeam "Armenia"]
[WhiteTeamCountry "MKD"]
[BlackTeamCountry "ARM"]

1. e4 e5 2. Nf3 Nc6 3. Bc4 Bc5 4. c3 Nf6 5. d4 exd4 6. e5 d5 7. Bb5 Ne4 8. cxd4 Bb6 9. 0-0 Bg4 10. Bxc6+ bxc6 11. Be3 0-0 12. Nc3 Kh8 13. Rc1 f6 14. h3 Bxf3 15. gxf3 Nxc3 16. Rxc3 fxe5 17. Rxc6 Qd7 18. Rc3 Qxh3 19. dxe5 d4 20. Bxd4 Rf4 21. Bxb6 Rh4 22. Qd5 Qh1# 0-1

[Event "EU-ch Online U12"]
[Site "Tornelo INT"]
[Date "2020.09.18"]
[Round "1"]
[White "Pashikyan, Rudolf"]
[Black "Gordon, Frederick"]
[Result "1-0"]
[WhiteElo "1790"]
[BlackElo "1415"]
[PlyCount "105"]
[EventDate "2020.09.18"]
[EventType "swiss (rapid)"]
[EventRounds "9"]
[EventCountry "NET"]
[SourceTitle "EXT 2023"]
[Source "ChessBase"]
[SourceDate "2022.10.05"]
[SourceVersion "1"]
[SourceVersionDate "2022.10.05"]
[SourceQuality "1"]
[WhiteTeam "Armenia"]
[BlackTeam "Schottland"]
[WhiteTeamCountry "ARM"]
[BlackTeamCountry "SCO"]

1. e4 c5 2. Nf3 g6 3. d4 cxd4 4. Qxd4 Nf6 5. Nc3 Nc6 6. Qa4 d6 7. e5 dxe5 8. Nxe5 Qd4 9. Nxc6 Qxa4 10. Nxa4 bxc6 11. Bd2 Bg7 12. f3 0-0 13. Bc4 Rb8 14. 0-0-0 Nd5 15. Rhe1 Be6 16. Bb3 h5 17. h3 Nb6 18. Nc5 Bxb3 19. axb3 Nc4 20. bxc4 Bxb2+ 21. Kb1 Ba3+ 22. Nb3 Bb4 23. Ka2 a5 24. c3 Bd6 25. c5 Bc7 26. Rxe7 Bd8 27. Rd7 Re8 28. Nd4 Bf6 29. Bf4 Rbc8 30. Rd6 Be7 31. Rxc6 Rxc6 32. Nxc6 Bxc5 33. Rd8 Rxd8 34. Nxd8 Kf8 35. Nb7 Bb6 36. c4 Ke8 37. c5 Bd8 38. Nxd8 Kxd8 39. c6 Kc8 40. c7 Kd7 41. Ka3 Kc8 42. Ka4 Kd7 43. Kxa5 Kc8 44. Kb6 f5 45. h4 g5 46. hxg5 Kd7 47. Kb7 Ke6 48. c8Q+ Kd5 49. Qc6+ Kd4 50. g6 h4 51. g7 h3 52. g8Q hxg2 53. Qgc4# 1-0

[Event "EU-ch U10 28th"]
[Site "Riga"]
[Date "2018.08.28"]
[Round "8"]
[White "Pashikyan, Rudolf"]
[Black "Cnejev, Vladimir Alexandru"]
[Result "1/2-1/2"]
[WhiteElo "1489"]
[BlackElo "1831"]
[PlyCount "98"]
[EventDate "2018.08.20"]
[EventType "swiss"]
[EventRounds "9"]
[EventCountry "LAT"]
[SourceTitle "CBM 186 Extra"]
[Source "ChessBase"]
[SourceDate "2018.08.24"]
[SourceVersion "1"]
[SourceVersionDate "2018.08.24"]
[SourceQuality "1"]

1. e4 e5 2. Nf3 Nc6 3. Bb5 a6 4. Ba4 b5 5. Bb3 Bb7 6. 0-0 Be7 7. c3 Nf6 8. Re1 0-0 9. d4 d6 10. Nbd2 h6 11. Nf1 Re8 12. Ng3 Bf8 13. Bc2 g6 14. a4 Na5 15. b3 bxa4 16. Rxa4 Nc6 17. Bd3 Nb8 18. Bd2 Nbd7 19. Qe2 exd4 20. cxd4 c5 21. Bc3 Nd5 22. Ba5 Qb8 23. Qd2 N5b6 24. Ra2 Bc6 25. d5 Bb5 26. Bc3 Bg7 27. Bxg7 Kxg7 28. Nh4 Rh8 29. Bb1 Qd8 30. Qf4 Ne5 31. Nf3 Nbd7 32. Qe3 Nxf3+ 33. gxf3 Re8 34. Kh1 Qh4 35. f4 Nf6 36. Qf3 Kh8 37. Kg2 Qg4 38. Qxg4 Nxg4 39. Rd2 Re7 40. f3 Nf6 41. Kf2 Rae8 42. h4 a5 43. Bd3 Bxd3 44. Rxd3 h5 45. Rd2 Kg7 46. Nf1 Rb7 47. Rd3 Nd7 48. Nd2 Nb6 49. Ra1 Ra7 1/2-1/2

[Event "EU-ch U10 28th"]
[Site "Riga"]
[Date "2018.08.26"]
[Round "6"]
[White "Pashikyan, Rudolf"]
[Black "Pingin, Artem"]
[Result "1/2-1/2"]
[WhiteElo "1489"]
[BlackElo "2040"]
[PlyCount "89"]
[EventDate "2018.08.20"]
[EventType "swiss"]
[EventRounds "9"]
[EventCountry "LAT"]
[SourceTitle "CBM 186 Extra"]
[Source "ChessBase"]
[SourceDate "2018.08.24"]
[SourceVersion "1"]
[SourceVersionDate "2018.08.24"]
[SourceQuality "1"]

1. e4 c5 2. Nf3 e6 3. c3 Nf6 4. e5 Nd5 5. d4 cxd4 6. cxd4 d6 7. a3 Bd7 8. Bd3 Bc6 9. 0-0 Nd7 10. Re1 Be7 11. Nbd2 dxe5 12. dxe5 Nc5 13. Bc2 Nf4 14. Nc4 Ncd3 15. Nd6+ Bxd6 16. Bxd3 Nxd3 17. Qxd3 Be7 18. Qb3 0-0 19. Rd1 Bd5 20. Qa4 Qc7 21. Bf4 b6 22. Nd4 Qb7 23. f3 Rac8 24. Rac1 Bc5 25. Kh1 a6 26. Be3 h6 27. Rc3 Be7 28. Rdc1 Rxc3 29. Rxc3 Rc8 30. Qc2 Rxc3 31. Qxc3 Bd8 32. Ne2 Qc7 33. Bd4 Qxc3 34. Nxc3 Bc6 35. Kg1 Kf8 36. Kf2 Ke8 37. Ke3 Kd7 38. b4 Kc7 39. g3 Be7 40. f4 Bd7 41. Ne4 Kc6 42. Nc3 Kc7 43. Ne4 Kc6 44. Nc3 Kc7 45. Ne4 1/2-1/2

[Event "EU-ch U10 28th"]
[Site "Riga"]
[Date "2018.08.24"]
[Round "5"]
[White "Kuhn, Clement"]
[Black "Pashikyan, Rudolf"]
[Result "0-1"]
[WhiteElo "2023"]
[BlackElo "1489"]
[PlyCount "60"]
[EventDate "2018.08.20"]
[EventType "swiss"]
[EventRounds "9"]
[EventCountry "LAT"]
[SourceTitle "CBM 186 Extra"]
[Source "ChessBase"]
[SourceDate "2018.08.24"]
[SourceVersion "1"]
[SourceVersionDate "2018.08.24"]
[SourceQuality "1"]

1. e4 e5 2. Nf3 Nc6 3. Bc4 Bc5 4. d3 Nf6 5. 0-0 a6 6. c3 Ba7 7. a4 d6 8. Re1 h6 9. Nbd2 0-0 10. Nf1 Nh5 11. Be3 Bxe3 12. Nxe3 Nf4 13. Qc2 Qf6 14. Nd2 Ne7 15. a5 Neg6 16. Kh1 c6 17. Rad1 Rd8 18. Qb3 Rd7 19. Qb6 Qe7 20. Nf3 d5 21. exd5 cxd5 22. Ba2 e4 23. dxe4 dxe4 24. Nd4 Qg5 25. Bb1 Re7 26. Qd8+ Kh7 27. Ndf5 Bxf5 28. Qxa8 Bg4 29. Rd8 Nxg2 30. Kxg2 Nf4+ 0-1

[Event "EU-ch U10 28th"]
[Site "Riga"]
[Date "2018.08.21"]
[Round "2"]
[White "Pashikyan, Rudolf"]
[Black "Silva, Daniel Frederico V"]
[Result "1-0"]
[WhiteElo "1489"]
[BlackElo "1665"]
[PlyCount "51"]
[EventDate "2018.08.20"]
[EventType "swiss"]
[EventRounds "9"]
[EventCountry "LAT"]
[SourceTitle "CBM 186 Extra"]
[Source "ChessBase"]
[SourceDate "2018.08.24"]
[SourceVersion "1"]
[SourceVersionDate "2018.08.24"]
[SourceQuality "1"]

1. e4 e5 2. Nf3 Nc6 3. Bb5 a6 4. Ba4 Nf6 5. d3 b5 6. Bb3 Be7 7. 0-0 d6 8. c3 Na5 9. Bc2 c5 10. a4 b4 11. Nbd2 0-0 12. Re1 Re8 13. Nf1 g6 14. Ne3 Rb8 15. d4 exd4 16. cxd4 c4 17. Qe2 Qc7 18. e5 dxe5 19. dxe5 Nd7 20. Nd5 Qa7 21. e6 fxe6 22. Qxe6+ Kg7 23. Nxe7 Nf6 24. Bh6+ Kxh6 25. Qxf6 Qc5 26. Qf4+ 1-0